000 00315nam a22001457a 4500
008 210518b ||||| |||| 00| 0 eng d
020 _a2901285577769
041 _aeng
080 _27th
_a781
082 _a781
100 _a45
101 _aMUZ
245 _aListening to Music
_cCraig Wright
942 _2udc
_cBK
999 _c57389
_d57389